Statistics for Most-Spoken Languages of the United States

Click here to take the quiz!

General Stats

  • This quiz has been taken 151,870 times
    (85,160 since last reset)
  • The average score is 15 of 26

Answer Stats

# SpeakersLanguage% Correct
245 mEnglish
100%
41.3 mSpanish
100%
1.18 mFrench
97%
3.40 mChinese
96%
857 kGerman
94%
937 kPortuguese
91%
1.04 mRussian
89%
513 kItalian
88%
455 kJapanese
88%
1.39 mArabic
84%
1.07 mKorean
76%
865 kHindi
74%
533 kPolish
70%
1.52 mVietnamese
64%
1.72 mTagalog
56%
472 kPersian
48%
508 kUrdu
44%
403 kBengali
35%
895 kFrench Creole
(Haitian)
30%
574 kYiddish / Pennsylvania Dutch
21%
596 kAmharic / Somali
18%
448 kNepali / Marathi
16%
486 kSamoan / Hawaiian
16%
640 kYoruba / Igbo
15%
437 kGujarati
13%
460 kTelugu
11%

Score Distribution

Percentile by Number Answered

Percent of People with Each Score

Your Score History

You have not taken this quiz since the last reset